| 000 | 01151cam a2200325 i 4500 | ||
|---|---|---|---|
| 001 | 20629 | ||
| 003 | CO-MdFUSB | ||
| 005 | 20220630062537.0 | ||
| 008 | 161003t1990 xxu||||g |||| 00| 0 eng d | ||
| 020 | _a0-664-25079-3 | ||
| 040 |
_aCO-MdFUSB _bEspañol _cCO-MdFUSB _dCO-MdFUSB _erda |
||
| 041 | _aeng | ||
| 082 |
_224 _a262.8 _bOS83t |
||
| 100 | 1 |
_aOsmer, Richard Robert _eautor |
|
| 245 | 1 | 2 |
_aA teachable spirit _b: Recovering the teaching office in the church _c/ Richard Robert Osmer |
| 264 |
_aLouisville, Kentucky : _bWestminster ; John Knox Press, _c©1990 |
||
| 300 | _axi, 298 páginas | ||
| 336 |
_2rdacontent _a1 _ba1 |
||
| 337 |
_2rdamedia _a2 _b5 |
||
| 338 |
_2rdacarrier _a2 _b5 |
||
| 500 | _aIncluye índice (p. 295-298) | ||
| 501 | _aRústico | ||
| 505 | 0 | 0 | _aBuscando una tercera vía - Descubriendo el puesto del maestro en la iglesia - Recuperando el puesto del maestro en la iglesia |
| 650 | 0 |
_aTeología práctica _9180 |
|
| 650 | 7 |
_aIglesias protestantes _xEnseñanzas _2 _9436 |
|
| 653 | _aTeaching office of the church | ||
| 653 | _aLa enseñanza social de la Iglesia | ||
| 942 | _cBK | ||
| 999 |
_c46980 _d46980 |
||